[Event "Gilan Friendship Cup"]
[Site "Gilan"]
[Date "2014.12.04"]
[Round "6"]
[White "Omidi, Arya"]
[Black "Mousavi, Sayed Milad"]
[Result "1-0"]
[WhiteElo "2287"]
[BlackElo "2087"]
[PlyCount "85"]
[EventDate "2014.11.30"]
[EventType "swiss"]
[EventRounds "9"]
[EventCountry "IRI"]
[SourceTitle "CBM 163 Extra"]
[Source "ChessBase"]
[SourceDate "2014.12.23"]
[SourceVersion "1"]
[SourceVersionDate "2014.12.23"]
[SourceQuality "1"]

1. d4 Nf6 2. Bf4 d5 3. Nf3 g6 4. e3 Bg7 5. c4 c5 6. Nc3 cxd4 7. exd4 0-0 8. Be2 Nc6 9. 0-0 dxc4 10. d5 Nh5 11. Bg5 Na5 12. Qd2 Bg4 13. Rad1 Nf6 14. Rfe1 Re8 15. h3 Bxf3 16. Bxf3 Rc8 17. Qf4 Qd6 18. Qh4 a6 19. Bf4 Qd7 20. g4 Qd8 21. Kg2 Nd7 22. Ne4 Nc5 23. Nxc5 Rxc5 24. Bg5 f6 25. Be3 Rc8 26. d6 exd6 27. Bd5+ Kh8 28. Bf7 g5 29. Qh5 Re5 30. Bd4 Nc6 31. Bg6 h6 32. Bxe5 Nxe5 33. Bf5 Rc6 34. h4 Kg8 35. hxg5 fxg5 36. Re3 Qf6 37. Qe8+ Qf8 38. Qe6+ Kh8 39. Rh1 Rc7 40. Reh3 Qf7 41. Rxh6+ Kg8 42. Qxd6 Re7 43. Re6 1-0

[Event "Urumia op 2nd"]
[Site "Urumia"]
[Date "2008.08.27"]
[Round "3"]
[White "Mahjoob, Morteza"]
[Black "Mousavi, Sayed Milad"]
[Result "1-0"]
[WhiteElo "2502"]
[BlackElo "2160"]
[PlyCount "67"]
[EventDate "2008.08.26"]
[EventType "swiss"]
[EventRounds "10"]
[EventCountry "IRI"]
[SourceTitle "CBM 126 Extra"]
[Source "ChessBase"]
[SourceDate "2008.11.05"]
[SourceVersion "1"]
[SourceVersionDate "2008.11.05"]
[SourceQuality "1"]

1. c4 Nf6 2. Nc3 e6 3. d4 Bb4 4. Qc2 c5 5. dxc5 Na6 6. a3 Bxc3+ 7. Qxc3 Nxc5 8. f3 d5 9. cxd5 b6 10. b4 Na4 11. Qb3 b5 12. e4 a6 13. Bg5 h6 14. Bh4 0-0 15. Bd3 Re8 16. f4 g5 17. fxg5 Nxe4 18. d6 Qxd6 19. Bxe4 Qe5 20. Ne2 Qxe4 21. Qg3 h5 22. 0-0 e5 23. Qf2 Be6 24. Rae1 Bc4 25. Kh1 Rac8 26. Rg1 Qc2 27. Qf3 Nb2 28. Ng3 Nd3 29. Re2 Qb3 30. Nxh5 Nf4 31. Nf6+ Kh8 32. Re3 Qc2 33. Bg3 Be2 34. Qf2 1-0

[Event "IRI-ch"]
[Site "Mashad"]
[Date "2003.09.30"]
[Round "9"]
[White "Ardeshi, Mehrdad"]
[Black "Mousavi, Sayed Milad"]
[Result "0-1"]
[WhiteElo "2339"]
[BlackElo "2194"]
[PlyCount "126"]
[EventDate "2003.09.24"]
[EventType "swiss"]
[EventRounds "11"]
[EventCountry "IRI"]
[SourceTitle "CBM 096 Extra"]
[Source "ChessBase"]
[SourceDate "2003.10.22"]
[SourceVersion "2"]
[SourceVersionDate "2003.10.20"]
[SourceQuality "1"]

1. Nf3 Nf6 2. g3 d5 3. Bg2 c5 4. 0-0 Nc6 5. d3 g6 6. Nbd2 Bg7 7. e4 0-0 8. c3 h6 9. Qe2 e5 10. a3 Be6 11. b4 cxb4 12. axb4 dxe4 13. dxe4 a6 14. Nc4 Qc7 15. Nfd2 Rad8 16. Ne3 Qd7 17. Ndc4 Qd3 18. Qxd3 Rxd3 19. Bb2 Rfd8 20. Nb6 Rd2 21. Nec4 Rc2 22. Rfc1 Rxc1+ 23. Rxc1 h5 24. Kf1 Bh6 25. Re1 Bxc4+ 26. Nxc4 b5 27. Nb6 Ne7 28. c4 Nc6 29. cxb5 axb5 30. Nd5 Nxd5 31. exd5 Nxb4 32. Rd1 Bg7 33. Ba3 Nc2 34. Be7 Rb8 35. d6 Bf8 36. Bh4 Bxd6 37. Rxd6 b4 38. Rd8+ Rxd8 39. Bxd8 b3 40. Be4 Na3 41. Be7 Nb5 42. Bb4 Kg7 43. Ke1 f5 44. Bb1 e4 45. Kd2 Kf6 46. Ke3 Ke5 47. f3 exf3 48. Kxf3 g5 49. Bd3 Kd4 50. Bxf5 b2 51. Bf8 Ke5 52. Bh7 Nd4+ 53. Kf2 Nf5 54. Bg7+ Nxg7 55. Bb1 Nf5 56. Ke2 Nd4+ 57. Kd3 Nb5 58. Kc2 Na3+ 59. Kxb2 Nxb1 60. Kxb1 Ke4 61. Kc2 Kf3 62. Kd3 g4 63. Kd2 Kg2 0-1

[Event "IRI-ch"]
[Site "Mashad"]
[Date "2003.09.25"]
[Round "3"]
[White "Moradiabadi, Elshan"]
[Black "Mousavi, Sayed Milad"]
[Result "1/2-1/2"]
[WhiteElo "2354"]
[BlackElo "2194"]
[PlyCount "54"]
[EventDate "2003.09.24"]
[EventType "swiss"]
[EventRounds "11"]
[EventCountry "IRI"]
[SourceTitle "CBM 096 Extra"]
[Source "ChessBase"]
[SourceDate "2003.10.22"]
[SourceVersion "2"]
[SourceVersionDate "2003.10.20"]
[SourceQuality "1"]

1. c4 e5 2. Nc3 Nf6 3. g3 d5 4. cxd5 Nxd5 5. Bg2 Be6 6. Nf3 Nc6 7. Qa4 Nb6 8. Qc2 Be7 9. 0-0 0-0 10. d3 f5 11. Be3 Kh8 12. Rac1 Nd4 13. Qd2 Nxf3+ 14. Bxf3 c6 15. Qc2 Nd5 16. Bd2 Nb4 17. Qb1 e4 18. a3 Nxd3 19. exd3 exf3 20. Rfe1 Bb3 21. Bf4 Bd6 22. Bxd6 Qxd6 23. Re3 Bd5 24. Nxd5 Qxd5 25. Rce1 f4 26. Re7 fxg3 27. hxg3 b6 1/2-1/2

[Event "Asia-ch U20"]
[Site "Tehran"]
[Date "2001.07.18"]
[Round "8"]
[White "Kayumov, Sergey"]
[Black "Mousavi, Sayed Milad"]
[Result "1/2-1/2"]
[WhiteElo "2288"]
[BlackElo "2139"]
[PlyCount "82"]
[EventDate "2001.07.14"]
[EventType "swiss"]
[EventRounds "11"]
[EventCountry "IRI"]
[SourceTitle "EXT 2002"]
[Source "ChessBase"]
[SourceDate "2001.11.25"]
[SourceVersion "1"]
[SourceVersionDate "2001.11.25"]
[SourceQuality "1"]

1. e4 e6 2. d4 d5 3. Nc3 Bb4 4. e5 c5 5. a3 Bxc3+ 6. bxc3 Nc6 7. h4 Qa5 8. Bd2 Qa4 9. Rb1 c4 10. Qc1 Qa6 11. Qb2 Bd7 12. h5 h6 13. g3 0-0-0 14. Bh3 Kb8 15. Nf3 Ka8 16. Nh4 Nge7 17. f4 Nf5 18. Rg1 Nxh4 19. gxh4 Rdg8 20. Be3 Ne7 21. Qb4 Nc8 22. Kd2 Qb6 23. Qxb6 axb6 24. Rg2 Rh7 25. Rf2 Ne7 26. Rxb6 Nf5 27. Bxf5 exf5 28. Rd6 Be6 29. Rg2 Rc8 30. Rg1 Rc6 31. Rxc6 bxc6 32. Ke2 Ka7 33. a4 Ka6 34. Bc1 Ka5 35. Ba3 Kxa4 36. Bf8 Rh8 37. Bxg7 Rg8 38. Kd2 Rb8 39. Rg3 Rb2 40. Rg1 Bd7 41. Rg3 Be6 1/2-1/2

[Event "Asia-ch U20"]
[Site "Tehran"]
[Date "2001.07.17"]
[Round "7"]
[White "Mousavi, Sayed Milad"]
[Black "Moradiabadi, Elshan"]
[Result "1/2-1/2"]
[WhiteElo "2139"]
[BlackElo "2404"]
[PlyCount "100"]
[EventDate "2001.07.14"]
[EventType "swiss"]
[EventRounds "11"]
[EventCountry "IRI"]
[SourceTitle "EXT 2002"]
[Source "ChessBase"]
[SourceDate "2001.11.25"]
[SourceVersion "1"]
[SourceVersionDate "2001.11.25"]
[SourceQuality "1"]

1. c4 e5 2. Nc3 Nc6 3. g3 g6 4. Bg2 Bg7 5. e3 Nf6 6. Nge2 0-0 7. 0-0 d6 8. d4 h5 9. b3 Bf5 10. Ba3 exd4 11. Nxd4 Nxd4 12. exd4 Rb8 13. Qd2 Qd7 14. Rfe1 b6 15. Rad1 Bh3 16. Qf4 Bxg2 17. Kxg2 Rfe8 18. Qf3 Nh7 19. Rxe8+ Rxe8 20. h4 Nf6 21. Rd2 Ng4 22. Ne2 Bh6 23. Rc2 Be3 24. Nf4 Bxd4 25. Bb2 Qf5 26. Rd2 Bxb2 27. Rxb2 Nf6 28. Re2 Rxe2 29. Qxe2 Kg7 30. Qe7 Qe4+ 31. Qxe4 Nxe4 32. Nd5 c5 33. f3 Nf6 34. Ne7 d5 35. cxd5 Kf8 36. Nc8 Nxd5 37. Nxa7 Ke7 38. Nb5 Nb4 39. Nc3 Ke6 40. g4 Nd5 41. Ne2 Nb4 42. a3 Nc2 43. gxh5 gxh5 44. Nf4+ Ke5 45. Nxh5 Nxa3 46. Ng3 Nc2 47. Ne4 Nd4 48. Nd2 Kf4 49. Kf2 b5 50. h5 Kg5 1/2-1/2

[Event "Asia-ch U20"]
[Site "Tehran"]
[Date "2001.07.16"]
[Round "5"]
[White "Mousavi, Sayed Milad"]
[Black "Hassan, Abdullah"]
[Result "1/2-1/2"]
[WhiteElo "2139"]
[BlackElo "2242"]
[PlyCount "91"]
[EventDate "2001.07.14"]
[EventType "swiss"]
[EventRounds "11"]
[EventCountry "IRI"]
[SourceTitle "EXT 2002"]
[Source "ChessBase"]
[SourceDate "2001.11.25"]
[SourceVersion "1"]
[SourceVersionDate "2001.11.25"]
[SourceQuality "1"]

1. Nf3 d5 2. c4 c6 3. b3 Bg4 4. Ne5 Bf5 5. Bb2 Nd7 6. Nxd7 Qxd7 7. d3 Nf6 8. Nd2 e6 9. g3 Be7 10. Bg2 0-0 11. 0-0 Rfd8 12. Nf3 h6 13. Rc1 a5 14. a3 Qc7 15. cxd5 exd5 16. Ne5 Bd6 17. d4 Qe7 18. Ra1 Re8 19. f3 Nd7 20. e4 Bxe5 21. exf5 Bc7 22. Re1 Qf6 23. Qd3 Bb6 24. f4 Nc5 25. Qc2 Ne4 26. Bxe4 Bxd4+ 27. Bxd4 Qxd4+ 28. Kg2 dxe4 29. Rad1 Qf6 30. Rxe4 Rxe4 31. Qxe4 Qb2+ 32. Kh3 Qxb3 33. Rd3 Qb5 34. g4 c5 35. g5 Re8 36. Qd5 hxg5 37. fxg5 Qb1 38. g6 Qf1+ 39. Kg3 Qg1+ 40. Kh3 Qf1+ 41. Kg3 Qe1+ 42. Kh3 Re3+ 43. Rxe3 Qxe3+ 44. Kg2 Qe2+ 45. Kh3 Qe3+ 46. Kg2 1/2-1/2

[Event "Asia-ch U20"]
[Site "Tehran"]
[Date "2001.07.15"]
[Round "4"]
[White "Al Sayed, Mohammed"]
[Black "Mousavi, Sayed Milad"]
[Result "1/2-1/2"]
[WhiteElo "2299"]
[BlackElo "2139"]
[PlyCount "126"]
[EventDate "2001.07.14"]
[EventType "swiss"]
[EventRounds "11"]
[EventCountry "IRI"]
[SourceTitle "EXT 2002"]
[Source "ChessBase"]
[SourceDate "2001.11.25"]
[SourceVersion "1"]
[SourceVersionDate "2001.11.25"]
[SourceQuality "1"]

1. e4 e6 2. d4 d5 3. Nc3 Bb4 4. e5 c5 5. Bd2 Nc6 6. Nb5 Bxd2+ 7. Qxd2 Nxd4 8. Nxd4 cxd4 9. Qxd4 Ne7 10. Nf3 Bd7 11. Bd3 Qb6 12. Qg4 Ng6 13. 0-0 Bb5 14. h4 h5 15. Qg5 Bxd3 16. cxd3 Kd7 17. Qg3 Rac8 18. b3 Rc2 19. Ng5 Ke7 20. Kh1 Qd4 21. f4 Rh6 22. Rac1 Rxc1 23. Rxc1 Qxf4 24. Rc7+ Ke8 25. Qxf4 Nxf4 26. Rxf7 Nxd3 27. Rxb7 Nxe5 28. Rxa7 d4 29. Ra4 Nc6 30. Rc4 e5 31. b4 d3 32. Ne4 Rg6 33. b5 Na5 34. Rc5 Rg4 35. Rxe5+ Kd8 36. b6 Nc6 37. Rd5+ Ke7 38. Nc3 Rxh4+ 39. Kg1 Ke6 40. a3 Rd4 41. Rxd4 Nxd4 42. b7 Nc6 43. Kf2 Kd7 44. Nb5 Nb8 45. Nd4 g5 46. Ke3 Kc7 47. Ne6+ Kxb7 48. Nxg5 Kc6 49. Ne6 Kb5 50. Nf4 Ka4 51. Nxh5 Kxa3 52. Kxd3 Kb4 53. Kd4 Nc6+ 54. Kd5 Ne7+ 55. Ke6 Ng6 56. g3 Kc5 57. Nf4 Nf8+ 58. Kf5 Kd6 59. g4 Nh7 60. Kg6 Nf8+ 61. Kf7 Nh7 62. Nh3 Ke5 63. Kg7 Ng5 1/2-1/2

[Event "Artek ol U16"]
[Site "Artek"]
[Date "1999.09.20"]
[Round "9"]
[White "Mousavi, Sayed Milad"]
[Black "Kozak, Leonid"]
[Result "1/2-1/2"]
[WhiteElo "2135"]
[BlackElo "2155"]
[PlyCount "43"]
[EventDate "1999.09.09"]
[EventType "team"]
[EventRounds "9"]
[EventCountry "UKR"]
[SourceTitle "EXT 2000"]
[Source "ChessBase"]
[SourceDate "1999.11.16"]
[SourceVersion "1"]
[SourceVersionDate "1999.11.16"]
[SourceQuality "1"]

1. e4 c5 2. c3 d5 3. exd5 Qxd5 4. d4 Nf6 5. Nf3 Bg4 6. Be2 cxd4 7. cxd4 e6 8. Nc3 Qd6 9. 0-0 Nc6 10. Be3 Be7 11. h3 Bh5 12. Qb3 0-0 13. Rfd1 Nb4 14. Ne5 Bxe2 15. Nxe2 Qd5 16. Qa4 Rfc8 17. Nc3 Qd6 18. Rac1 a6 19. Bf4 Nbd5 20. Bh2 Qb4 21. Qc2 Qa5 22. Qb3 1/2-1/2

[Event "Artek ol U16"]
[Site "Artek"]
[Date "1999.09.15"]
[Round "5"]
[White "Jatautis, Donatas"]
[Black "Mousavi, Sayed Milad"]
[Result "1/2-1/2"]
[WhiteElo "2155"]
[BlackElo "2135"]
[PlyCount "92"]
[EventDate "1999.09.09"]
[EventType "team"]
[EventRounds "9"]
[EventCountry "UKR"]
[SourceTitle "EXT 2000"]
[Source "ChessBase"]
[SourceDate "1999.11.16"]
[SourceVersion "1"]
[SourceVersionDate "1999.11.16"]
[SourceQuality "1"]

1. e4 e6 2. d4 d5 3. Nc3 Bb4 4. e5 c5 5. a3 Bxc3+ 6. bxc3 Nc6 7. Nf3 Qa5 8. Qd2 Qa4 9. Rb1 c4 10. Be2 b6 11. Bd1 h6 12. Qf4 Nge7 13. 0-0 Bd7 14. Qg4 Nf5 15. Nh4 Nce7 16. Rb4 Qa6 17. Nxf5 Nxf5 18. Bf3 0-0-0 19. Qf4 g5 20. Qd2 Rdg8 21. Bh5 Rh7 22. a4 Ne7 23. Ba3 Nc6 24. Rbb1 Na5 25. Bb4 Bxa4 26. Ra1 b5 27. Rfb1 Re8 28. Qc1 Nb7 29. Qd2 Qb6 30. Re1 Qd8 31. Re3 Rg8 32. h3 Rgg7 33. Rae1 Na5 34. Rf3 Nc6 35. Bc5 a5 36. Qc1 Qd7 37. Qd2 Qd8 38. Ra1 Ne7 39. Qc1 Qc7 40. Bd6 Qd7 41. Qa3 Ng6 42. g3 Rh8 43. Rf6 Qa7 44. Ra2 Rd8 45. Bc5 Qc7 46. Bd6 Qb7 1/2-1/2

[Event "Artek ol U16"]
[Site "Artek"]
[Date "1999.09.12"]
[Round "3"]
[White "Kuklin, Valentin"]
[Black "Mousavi, Sayed Milad"]
[Result "1/2-1/2"]
[WhiteElo "2173"]
[BlackElo "2135"]
[PlyCount "67"]
[EventDate "1999.09.09"]
[EventType "team"]
[EventRounds "9"]
[EventCountry "UKR"]
[SourceTitle "EXT 2000"]
[Source "ChessBase"]
[SourceDate "1999.11.16"]
[SourceVersion "1"]
[SourceVersionDate "1999.11.16"]
[SourceQuality "1"]

1. e4 e6 2. d4 d5 3. Nd2 Nf6 4. e5 Nfd7 5. c3 c5 6. f4 Nc6 7. Ne2 cxd4 8. cxd4 Qb6 9. Nf3 Bb4+ 10. Bd2 f6 11. Bxb4 Qxb4+ 12. Qd2 Qxd2+ 13. Kxd2 Nb6 14. Nc3 a6 15. b3 Bd7 16. Bd3 0-0 17. Rhf1 Rac8 18. Rac1 Nb4 19. Rfe1 fxe5 20. fxe5 Nxd3 21. Kxd3 a5 22. a4 Na8 23. Na2 Nc7 24. Rc3 Na6 25. Rec1 Bc6 26. Ke3 h6 27. Ne1 Bd7 28. Rxc8 Rxc8 29. Rxc8+ Bxc8 30. Nd3 b6 31. h4 Kf7 32. Nf4 Bd7 33. Nc3 Be8 34. Kd3 1/2-1/2